000 00710nam a22001815i 4500
001 53508
003 ES-MaACL
005 20230906162759.0
007 t|
008 951002s1886 sp ||||1| spa d
040 _aCAM
_bspa
_cCAM
100 1 _aEzquerra y Baig, Ramón.
_948479
245 1 3 _aLa infecciosidad y los microbios de la tuberculosis
_b: importancia del elemento microbiano en la etiología, diagnóstico, pronóstico, profilaxia y tratamiento de la tuberculosis pulmonar: estudio histórico-crítico /
_cpor Ramón Ezquerra y Baig.
260 _aMadrid :
_bNicolás Moya,
_c1886.
300 _a120 p. ;
_c22 cm.
650 4 _aTuberculosis-
_xTratamiento.
_9151845
852 _aES-MaACL
_jT-466-F-6
999 _c53508
_d53508